000 00598nam a2200229Ia 4500
003 OSt
005 20220924132529.0
006 a|||||r|||| 00| 0
007 ta
008 220923b |||||||| |||| 00| 0 san d
024 _a59909
037 _cTextual
040 _aARTS
_cARTS
_bsan
041 _2san
_asan
082 _aQ2:4x4:1, 15L3.2
100 _aParasara
245 0 _aSmrti ed with the comm of Madhavacharyya by Chandrakanta Tarkalankara
260 _c1973
650 _aRELIGION
942 _hQ2:4x4:1, 15L3.2
_cTEXL
_2CC
999 _c430579
_d430579